000 01258cam a2200325 i 4500
001 vtls003277325
003 MY-SjTCS
005 20200306164537.0
008 190703t20182018caua b 001 0 eng
020 _a9781506368580
_qpaperback
039 9 _a201909271638
_bshuhada
_c201909271638
_dshuhada
_y201907031255
_zmalathy
040 _aDLC
_beng
_cDLC
_dDLC
_dTUL
_erda
082 0 4 _a371.207
_bFUL 2018
100 1 _aFullan, Michael,
_eauthor.
_917460
245 1 0 _aDeep learning :
_bengage the world, change the world /
_cMichael Fullan, Joanne Quinn, Joanne McEachen.
264 1 _aThousand Oaks, California :
_ba Joint publication Corwin, a SAGE Publishing Company, Ontario Principals Council,
_c[2018]
264 4 _c©2018
300 _axvii, 187 pages :
_billustrations ;
_c26 cm
336 _atext
_2rdacontent
337 _aunmediated
_2rdamedia
338 _avolume
_2rdacarrier
504 _aIncludes bibliographical references and index.
650 0 _aEducational planning.
_9254109
650 0 _aEducational change.
_993526
650 0 _aSchool improvement programs.
_9254110
650 0 _aMotivation in education.
_94326
700 1 _aQuinn, Joanne,
_eauthor.
_9254111
700 1 _aMcEachen, Joanne,
_eauthor.
_9254112
920 _aSOED : 235323
999 _c50484